El sentido del sacerdote: la misión del sacerdote en las ciudades de Dios y del hombre

Guardat en:
Dades bibliogràfiques
Autor principal: Suhard, Manuel (Autor)
Format: Llibre
Idioma:espanyol
Publicat: Santiago Paulinas 1952
Matèries:
Etiquetes: Afegir etiqueta
Sense etiquetes, Sigues el primer a etiquetar aquest registre!

MARC

LEADER 00000nam a2200000 a 4500
001 UCR1865
003 CL-VaPUC
008 971219e19520000CL |||||||||||||||||spa|d
082 0 4 |a 253.2  |b SUH  |2 21 
100 0 |a Suhard, Manuel  |e author  |9 399398 
245 1 3 |a El sentido del sacerdote: la misión del sacerdote en las ciudades de Dios y del hombre 
300 |a 168 p 
942 |c BK 
945 |d 19971219 00:00:00  |a rleighto 
260 |a Santiago  |b Paulinas  |c 1952 
650 0 |a Sacerdotes   |9 315705 
650 0 |a Vida religiosa  |9 257284 
650 0 |a Vida cristiana  |9 258753 
650 0 |a Sacerdocio  |9 319738 
650 7 |a CONSAGRACION  |2 CL-VaPUC  |9 395231 
650 0 |a Espiritualidad   |9 267331 
650 0 |a Vocación religiosa  |9 392452 
650 0 |a Vocación sacerdotal  |9 392453 
583 |a last modification  |c 19971219 00:00:00  |k Rodrigo Vera 
999 |c 265208  |d 265206 
952 |0 0  |1 0  |4 0  |6 253_200000000000000_SUH_1952  |7 0  |8 A  |9 296048  |a BIBTEO  |b BIBTEO  |d 2019-11-20  |i 3384349  |o 253.2 SUH 1952  |p 3384349  |r 2025-01-17  |w 2019-11-20  |y BK  |k ICR